| 000 | 00386nam a2200133Ia 4500 | ||
|---|---|---|---|
| 008 | 170516s9999 xx 000 0 und d | ||
| 245 | _aNovel Bioluminescent Activatable Reporter for Src Tyrosine Kinase Activity in Living Mice | ||
| 260 | _bTheranostics | ||
| 260 | _c2016 | ||
| 300 | _a6:4 | ||
| 650 | _xMedical Technology | ||
| 650 | _xMedtech | ||
| 856 | _uhttp://www.thno.org/v6i4 | ||
| 999 |
_c330574 _d330574 |
||